We seven (Record no. 93253)

MARC details
000 -LEADER
fixed length control field 00739nam a2200253Ia 4500
008 - FIXED-LENGTH DATA ELEMENTS--GENERAL INFORMATION
fixed length control field 191130s1990##################000#0#eng##
020 ## - INTERNATIONAL STANDARD BOOK NUMBER
ISBN 9781439181034
082 ## - DEWEY DECIMAL CLASSIFICATION NUMBER
Classification number 629.45 CAR
100 ## - MAIN ENTRY--AUTHOR NAME
Personal name Carpenter, M. Scott
245 ## - TITLE STATEMENT
Title We seven
Statement of responsibility, etc by the astronauts themselves, M. Scott Carpenter ... [et al.]
260 ## - PUBLICATION, DISTRIBUTION, ETC. (IMPRINT)
Place of publication New York
Name of publisher Simon and Schuster Pbks
Year of publication c1990
300 ## - PHYSICAL DESCRIPTION
Number of Pages 352 p. : ill. 24 cm
500 ## - GENERAL NOTE
General note Includes index
650 ## - SUBJECT ADDED ENTRY--TOPICAL TERM
Topical Term Astronauts - United States
Topical Term Project Mercury (U.S.)
700 ## - ADDED ENTRY--PERSONAL NAME
Personal name Cooper, L Gordon
Personal name Glenn, John H
Personal name Grissom, Virgil I
991 ## -
-- 122460
Holdings
Withdrawn status Lost status Damaged status Not for loan Home library Current library Shelving location Date acquired Full call number Accession Number Price effective from Koha item type
        Anna Centenary Library Anna Centenary Library 6TH FLOOR, A WING 09.10.2020 629.45 CAR 447932 09.10.2020 English Books

Find us on the map